Season of migration to the North / (Record no. 15398)

MARC details
000 -LEADER
fixed length control field 01378cam a22003614a 4500
001 - CONTROL NUMBER
control field 15456686
003 - CONTROL NUMBER IDENTIFIER
control field EG-ScBUE
005 - DATE AND TIME OF LATEST TRANSACTION
control field 20220228110012.0
008 - FIXED-LENGTH DATA ELEMENTS--GENERAL INFORMATION
fixed length control field 080918s2009 nyu f 000 1 eng d
020 ## - INTERNATIONAL STANDARD BOOK NUMBER
International Standard Book Number 1590173023
020 ## - INTERNATIONAL STANDARD BOOK NUMBER
International Standard Book Number 9781590173022 (alk. paper)
040 ## - CATALOGING SOURCE
Original cataloging agency DLC
Language of cataloging eng
Description conventions rda
Transcribing agency DLC
Modifying agency DLC
-- EG-ScBUE
041 1# - LANGUAGE CODE
Language code of text/sound track or separate title eng
Language code of original and/or intermediate translations of text ara
043 ## - GEOGRAPHIC AREA CODE
Geographic area code f-sj---
082 04 - DEWEY DECIMAL CLASSIFICATION NUMBER
Classification number 892.736
Edition number 22
Item number SAL
100 1# - MAIN ENTRY--PERSONAL NAME
Personal name Salih, al-Tayyib,
Relator term author.
9 (RLIN) 24121
245 10 - TITLE STATEMENT
Title Season of migration to the North /
Statement of responsibility, etc Tayeb Salih ; translation from the Arabic by Denys Johnson-Davies ; introduction by Laila Lalami.
264 #1 - PUBLICATION, DISTRIBUTION, ETC. (IMPRINT)
Place of publication, distribution, etc New York :
Name of publisher, distributor, etc New York Review of Books,
Date of publication, distribution, etc 2009.
300 ## - PHYSICAL DESCRIPTION
Extent xx, 139 pages ;
Dimensions 20 cm.
336 ## - CONTENT TYPE
Source rdacontent
Content type term text
Content type code txt
337 ## - MEDIA TYPE
Source rdamedia
Media type term unmediated
Media type code n
338 ## - CARRIER TYPE
Source rdacarrier
Carrier type term volume
Carrier type code nc
490 0# - SERIES STATEMENT
Series statement New York Review Books classics
546 ## - LANGUAGE NOTE
Language note Text in English ; translated from the original Arabic.
650 #7 - SUBJECT ADDED ENTRY--TOPICAL TERM
Topical term or geographic name as entry element Man-woman relationships
Geographic subdivision Sudan
Form subdivision Fiction.
Source of heading or term BUEsh
9 (RLIN) 35180
650 #7 - SUBJECT ADDED ENTRY--TOPICAL TERM
Topical term or geographic name as entry element Arabic fiction
Geographic subdivision Sudan
Chronological subdivision 21st century.
Source of heading or term BUEsh
651 #7 - SUBJECT ADDED ENTRY--GEOGRAPHIC NAME
Geographic name Sudan
Form subdivision Fiction.
Source of heading or term BUEsh
653 ## - INDEX TERM--UNCONTROLLED
Arrived date list May2011
Resource For college Arabic Literature
655 ## - INDEX TERM--GENRE/FORM
Form subdivision Reading book
9 (RLIN) 34232
700 1# - ADDED ENTRY--PERSONAL NAME
Personal name Johnson-Davies, Denys.
Relator term translator.
9 (RLIN) 24123
942 ## - ADDED ENTRY ELEMENTS (KOHA)
Source of classification or shelving scheme Dewey Decimal Classification
Koha item type Book - Borrowing
Holdings
Withdrawn status Lost status Source of classification or shelving scheme Damaged status Not for loan Collection code Home library Current library Shelving location Date acquired Source of acquisition Cost, normal purchase price Serial Enumeration / chronology Total Checkouts Total Renewals Full call number Barcode Date last seen Date checked out Price effective from Koha item type
    Dewey Decimal Classification     Baccah Central Library Central Library Second Floor 26/05/2011   124.00 12344 2 4 892.736 SAL 000023725 15/07/2025 17/02/2020 26/05/2011 Book - Borrowing